000 04855 a2200577 4500
008 080827t xxu||||| |||| 00| 0 eng d
010 _aB-275555-582
020 _a8180546952
_c305.00
035 _aB-275555-582
040 _adpl
_bEnglish
082 _a658
100 _aPrasad, L.M.
245 _aPrinciples and practice of management /
_cby L.M. Prasad
250 _a7th ed.
260 _aNew Delhi
_bSultan Chand & Sons
_c2008
270 _a23, Darya Ganj,
_bNew Delhi
_e110 002
300 _axx, 884p.
_c24cm (pbk )
500 _aIncludes index
942 _adpl
_cEN
_k658 / PRA
_2ddc
_h658
_mPRA
999 _c15141
_d15141